000 00703cam a22002657a 4500
001 000061
003 armpunfd
005 20140612090557.0
008 011019e1976####xx#a##########000#0#und#d
040 _aarmpunfd
_carmpunfd
080 _a347.65 Z 17
100 1 0 _a Zannoni, Eduardo A.
245 1 0 _aDerecho de las sucesiones
260 _a Buenos Aires
_b Astrea
_c1976
300 _a2 v.
650 7 _a Derecho Sucesorio
_2LEMB
942 _cLB
_2cdu
945 _aCatalis
_d2010-08-19
945 _aCatalis
_d2010-08-19
945 _aCatalis
_d2010-08-19
945 _aCatalis
_d2010-08-19
945 _aCatalis
_d2010-08-19
945 _aCatalis
_d2010-08-19
945 _aCatalis
_d2010-08-19
999 _c60
_d230564